| 000 | 00357cam a2200145ua 4500 | ||
|---|---|---|---|
| 041 |
_aeng _h |
||
| 082 |
_a810 _bMAX/AM |
||
| 100 | _aMaxwell, D.E.S . | ||
| 245 |
_aAmerican Fiction / _cD.E.S.Maxwell. _hTextual Documents |
||
| 260 |
_aLondon : _bRoutledge & Kegan Paul Ltd , _c1963. |
||
| 300 | _a306 ; . | ||
| 504 | _a | ||
| 942 | _cBK | ||
| 999 |
_c830 _d830 |
||